Introduction to livestock production including dairy and poultry / (Record no. 73546)
[ view plain ]
| 000 -LEADER | |
|---|---|
| fixed length control field | 00863nam a2200265 a 4500 |
| 001 - CONTROL NUMBER | |
| control field | 73546 |
| 003 - CONTROL NUMBER IDENTIFIER | |
| rucl marc code | BD-RjUL |
| 005 - DATE AND TIME OF LATEST TRANSACTION | |
| control field | 20211209082417.0 |
| 008 - FIXED-LENGTH DATA ELEMENTS--GENERAL INFORMATION | |
| fixed length control field | 170603s1966 caua b 001 0 engm |
| 035 ## - SYSTEM CONTROL NUMBER | |
| System control number | (BD-RjUL)73764 |
| 040 ## - CATALOGING SOURCE | |
| Original cataloging agency | DLC |
| Transcribing agency | OSU |
| Modifying agency | SER |
| -- | m.c. |
| -- | MYG |
| -- | BD-RjUL |
| Language of cataloging | eng |
| 041 ## - LANGUAGE CODE | |
| Language code of text/sound track or separate title | eng |
| 082 ## - DEWEY DECIMAL CLASSIFICATION NUMBER | |
| Edition number | 23 |
| Classification number | 636.082 |
| Author mark and year | INT 1966 |
| 245 10 - TITLE STATEMENT | |
| Title | Introduction to livestock production including dairy and poultry / |
| Statement of responsibility, etc. | H. H. Cole, editor. |
| 250 ## - EDITION STATEMENT | |
| Edition statement | 2d ed. |
| 260 ## - PUBLICATION, DISTRIBUTION, ETC. (IMPRINT) | |
| Place of publication, distribution, etc. | San Francisco : |
| Name of publisher, distributor, etc. | W. H. Freeman, |
| Date of publication, distribution, etc. | c1966. |
| 300 ## - PHYSICAL DESCRIPTION | |
| Pagination | xii, 827 p. : |
| Illustrations | ill. ; |
| Size | 25 cm. |
| 490 1# - SERIES STATEMENT | |
| Series statement | Series of books in agricultural science. Animal science |
| 500 ## - GENERAL NOTE | |
| General note | Includes index. |
| 650 #0 - SUBJECT ADDED ENTRY--TOPICAL TERM | |
| Topical term or geographic name as entry element | Livestock. |
| 9 (RLIN) | 217618 |
| Topical term or geographic name as entry element | Animal industry. |
| 9 (RLIN) | 217619 |
| 700 ## - ADDED ENTRY--PERSONAL NAME | |
| Personal name | Cole, H. H. |
| Fuller form of name | Editor. |
| 830 #0 - SERIES ADDED ENTRY--UNIFORM TITLE | |
| Uniform title | Series of books in agricultural science. |
| 942 ## - ADDED ENTRY ELEMENTS (KOHA) | |
| Source of classification or shelving scheme | Dewey Decimal Classification |
| Koha item type | Books |
| Lost status | Source of classification or shelving scheme | Damaged status | Not for loan | Collection code | Permanent Location | Current Location | Shelving location | Date acquired | Source of acquisition | Cost, normal purchase price | Total Checkouts | Full call number | Date last seen | Copy number | Koha item type |
|---|---|---|---|---|---|---|---|---|---|---|---|---|---|---|---|
| Dewey Decimal Classification | Not For Loan | Non-fiction | Central Library, University of Rajshahi | Central Library, University of Rajshahi | Reading Room | 04/04/1973 | Dhaka, Mullick and Brothers | 41.40 | 636.082 INT 1966 | 03/06/2017 | C-1 | Books |